000 01510nam a2200349 c 4500
003 BLK
005 20180422115646.0
008 180411b bul|||||r ||||||| ||bul||
010 _aKNG00198566000
040 _aBLK
041 _aBUL
_cBUL
080 _aХидротерапия (водотерапия). Балнеолечение. Курортотерапия - Лечение с бани, горещи бани, сауна, хладни бани, речно къпане, влажни фрикции, компреси, с "жива вода"(алкално активирана, с ph 9, 6;курорт
_b615.838
_x(497.2)-4
_z615.838(497.2)-4
100 1 _aИлиев, Цветан Стоянов
_eпърви автор
_9383659
139 _aИлиев, Цветан Стоянов
_bИ 52
245 1 0 _aОвча купел
_bНауч.-попул. очерк
_cЦветан Стоянов Илиев.
257 _aBGR
260 София
_bМедицина и физкултура
_c1983
300 _a88 с.
_bс ил.
_c17 см
380 _a61
490 1 _aНаши курорти
500 _a1 700 тир.
650 4 _aБалнеотерапия - България
_9246845
651 4 _aБългария
_9241624
653 _aкурорти
653 _aбалнеолечение
653 _aОвча купел
852 _aЦб І 20352
856 4 _qpdf
_u
856 4 _qpdf
_u
942 _cKNG
_n0
944 _aCR
_c19.12.2016
_kЕлиз_Шакирова
944 _aED
_c19.12.2016
_kЕлиз_Шакирова
999 _c189522
_d189522